LEADER 01530nam a2200337 a 4500 001 000000123808 003 CaOOAMICUS 005 20101126112934.0 008 101126t2009 it u000 u ita r 020 $a978-88-7115-640-8 040 $aPUL$bita 082 04$a128.092 100 1 $aPiromalli, Salvatore.$0(OLS)http://pul/name/78077 245 10$aVuoto e inaugurazione :$bla condizione umana nel pensiero di Marķa Zambrano e Jean-Luc Nancy /$cSalvatore Piromalli ; prefazione di Chiara Zamboni. 260 $aPadova :$bIl Poligrafo,$c©2009. 300 $a231 p. ;$c21 cm 490 1 $aSaggi ;$v48 500 $aInclude indice. 504 $aBibliografia p. 221-227. 600 14$aZambrano, Marķa,$d1904-1991$xPensiero filosofico e politico.$0(OLS)http://pul/subject/36645 600 14$aNancy, Jean-Luc,$d1940-$0(OLS)http://pul/subject/37359 700 1 $aZamboni, Chiara.$0(OLS)http://pul/name/36766 830 0$aSaggi (Il Poligrafo) ;$v48.$0(OLS)http://pul/title/156060 850 $aPUL 852 $aPUL$W1$xSL Filosofia 3$y81$m128. 092 PIRSA 1$j142626$qDDC 21$B141590$CPULBib$Z2$F141590 $H111397 $82 941 1 $a9 996 $6020$a978-88-7115-640-8$9(OLS)http://pul/number/146008 996 $6082$a128.092$9(OLS)http://pul/classification/1771 996 $6245$aVuoto e inaugurazione :$bla condizione umana nel pensiero di Marķa Zambrano e Jean-Luc Nancy$9(OLS)http://pul/title/156059 996 $6260$aPadova :$bIl Poligrafo$9(OLS)http://pul/publisher/70506 LEADER 01544nam a2200313 a 4500 001 000000145351 003 CaOOAMICUS 005 20150901143457.0 008 150901s2007 vc 000 0 ita r 020 $a978-88-209-7932-4 040 $aPUL$bita 245 03$aLa caritą intellettuale :$bpercorsi culturali per un nuovo umanesimo, scritti in onore di Benedetto XVI /$ca cura di Lorenzo Leuzzi ; presentazione del cardinale Camillo Ruini. 260 $aCittą del Vaticano :$bLibreria editrice vaticana,$c©2007. 300 $a481 p. ;$c23 cm. 504 $aContiene riferimenti bibliografici. 600 04$aBenedictus PP. XVI,$d1927-2022.$0(OLS)http://pul/subject/33817 700 1 $aRuini, Camillo,$ccard.,$d1931-$0(OLS)http://pul/name/19821 700 1 $aLeuzzi, Lorenzo.$0(OLS)http://pul/name/34053 850 $aPUL 852 $aPUL$W1$xDP1 Fondo S. Lanza$y121$m3 M 87$j168095$qFondi$q $B168671$CPULBib$Z2$F168671 $HLan88 $81 941 1 $a1 960 $aRatzinger, Joseph,$ccard.$d1927-$933817 960 $aPapi (2005-2013: Benedictus PP XVI)$933817 960 $aPapi (2005-2013: Benedictus PP XVI)$933817 960 $aBenedetto$bXVI,$cpapa,$d1927-$933817 996 $6020$a978-88-209-7932-4$9(OLS)http://pul/number/158429 996 $6245$aLa caritą intellettuale :$bpercorsi culturali per un nuovo umanesimo, scritti in onore di Benedetto XVI$9(OLS)http://pul/title/183804 996 $6260$aCittą del Vaticano :$bLibreria editrice vaticana$9(OLS)http://pul/publisher/47920